000 00684nam a22002297a 4500
003 UA-OsUOA
001 120618
007 ta
008 20170208b un ||||| |||| 00| 0 ukr d
100 _aБлизнюк А.О.
700 _aШершенюк О.М.
090 _a330(477)
_bБ69
942 _cSA
040 _aUA-OsUOA
_bukr
_cUA-OsUOA
_dUA-OsUOA
245 _aІнвестиційна діяльність в період економічної кризи
300 _aС.4-7
955 _a0
041 _aukr
080 _a330(477)
773 0 _w120617
_tЕкономіка. Фінанси. Право.
_dК.
_d2016
_g11
650 7 _a330 Економіка взагалі
_2UDC
999 _c406858
_d406858